000 00698nam a2200289Ia 4500
005 20260401125905.0
008 008 300114s9999 xx 000 0 eng d
020 _a9781282677791
037 _aEBOOK
040 _aCRL
040 _beng
040 _cCRL
041 _2eng
041 _aeng
084 _qCRL
100 _aRay;Ray
_91233960
245 0 _aUnix and Linux: Visual QuickStart Guide
250 _a4
260 _bPearson
260 _c2014
365 _b54060
650 _aFOT (Computer Sciene)
_91233944
856 _uhttps://admin.elibrary.in.pearson.com/api/1.0/org/24122025/launchlibrary
942 _cEBOOK
999 _c1847843
_d1847843